| 000 | 01019nam a2200265Ia 4500 | ||
|---|---|---|---|
| 003 | GCL | ||
| 008 | 140319s9999 xx 000 0 ara d | ||
| 020 | _a6975887977 | ||
| 040 |
_aGCL / _cGCL |
||
| 082 | 0 | 4 |
_a320.955 _bخ ت |
| 100 | 1 | _aخالد محمد البسيونى | |
| 245 | 1 | 0 |
_aالتحول العاصف فى ايران / _cخالد محمد البسيونى |
| 700 | 1 | _aمحمد بهاء الدين الغمرى | |
| 250 | _aالاولى | ||
| 260 |
_aالقاهرة : _bدار الاحمدى للنشر ، _c2006 |
||
| 300 |
_a476ص ؛ _c24سم |
||
| 650 | 0 | 4 | _aايران - العلاقات الخارجية |
| 650 | 0 | 4 | _aايران - الاحوال السياسية |
| 650 | 0 | 4 | _aايران - الاحوال الاقتصادية |
| 650 | 0 | 4 | _aايران - الاحزاب السياسية |
| 650 | 0 | 4 | _aايران - تاريخ - العصر الحديث |
| 650 | 0 | 4 | _aايران - الانتخابات الرئاسية |
| 650 | 0 | 4 | _aايران - الاسلحة الذرية |
| 942 |
_2ddc _cBK |
||
| 999 |
_c8656 _d8656 |
||